|
|
|
|
| LEADER |
00609nam a22001697a 4500 |
| 020 |
|
|
|a 9788121702393
|
| 082 |
|
|
|a S07
|b LAL/S
|
| 100 |
|
|
|a Lalitarani
|9 34173
|
| 245 |
|
|
|a Samskruthavangmayaparichaya/
|c by Lalitarani.
|
| 260 |
|
|
|a Delhi:
|b Bharateey Vidya Prakasan,
|c 2011.
|
| 300 |
|
|
|a 87p.
|
| 650 |
|
|
|a Literature Sanskrit Study
|9 34174
|
| 650 |
|
|
|a Literature Sanskrit
|9 34175
|
| 650 |
|
|
|a Literature
|9 34176
|
| 942 |
|
|
|c BK
|
| 999 |
|
|
|c 70191
|d 70191
|
| 952 |
|
|
|0 0
|1 0
|4 0
|6 S_07_000000000000000_LAL_S
|7 0
|9 90701
|a SSUS
|b SSUS
|c STACKS
|d 2018-02-14
|g 300.00
|l 2
|m 1
|o S07 LAL/S
|p 087313
|q 2020-12-03
|r 2019-11-06
|s 2019-11-06
|w 2018-02-14
|y BK
|